| 000 | 00000nam##2200000za#4500 |
| 001 | 9.643574 |
| 003 | CaOODSP |
| 005 | 20210624224230 |
| 007 | cr ||||||||||| |
| 008 | 150407|2002||||xxc|||||o f|0| 0 fre|d |
| 040 | |aCaOODSP|bfre |
| 043 | |an-cn--- |
| 086 | 1 |aH14-139/2002F-PDF |
| 110 | 1 |aCanada. |bSanté Canada. |
| 245 | 10|aRapport de l'atelier de consultation sur la stratégie de participation des patients / |h[ressource électronique]|c[publié par le] Bureau de la participation des consommateurs et du public de Santé Canada et Coalition pour de meilleurs médicaments |
| 246 | 17|aAtelier de consultation de la Coalition pour la meilleure médecine, le 13 décembre 2002 |
| 260 | |aOttawa - Ontario : |bSanté Canada |cLe 13 décembre 2002. |
| 300 | |a44p.|bfigures en couleur, tableau, photographies |
| 500 | |a« Hôtel Ramada et Suites, Ottawa (Ontario) »--Couverture. |
| 590 | |a15-02-Supp|b2015-02-16 |
| 691 | 07|aParticipation du citoyen|2gcpds |
| 691 | 07|aSoins de santé|2gcpds |
| 775 | 08|tConsultation workshop report on patient involvement strategy / |w(CaOODSP)9.699555 |
| 856 | 40|ahttp://publications.gc.ca|qPDF|s692 Ko|uhttps://publications.gc.ca/collections/collection_2014/sc-hc/H14-139-2002-fra.pdf |